Villín Ramos (Record no. 14080)

MARC details
000 - LÍDER
campo de control de longitud fija 00768nam a2200205Ia 4500
008 - ELEMENTOS DE DATOS DE LONGITUD FIJA - INFORMACIÓN GENERAL
campo de control de longitud fija 000000[2011] pr a 0000000000mul00
090 ## - NÚMERO DE LLAMADA DE TIPO LC LOCALMENTE ASIGNADO (OCLC)
Número de clasificación (OCLC) (R) PPR00 R15v
100 1# - ENTRADA PRINCIPAL - NOMBRE PERSONAL
Nombre de la persona Ramos, Villín
245 10 - TÍTULO DECLARACIÓN
Título Villín Ramos
260 ## - PUBLICACIÓN, DISTRIBUCIÓN
Lugar de publicación <Puerto Rico> : Viota Gallery
Fecha de publicación 2011
300 ## - DESCRIPCIÓN FÍSICA
Alcance [26] p.
Dimensiones / 26 cm.
500 ## - NOTA GENERAL
Nota general Exposición realizada en Viota Gallery de San Juan de Puerto Ricoen 2011 \ Texto en español e inglès
505 ## - NOTA DE CONTENIDO FORMATEADA
Nota sobre el contenido formateado OBRAS: Koi Tinisso Hamas Kala Nutara Nerati Galik Khero PAdot Fegohi Massis Xora
600 00 - ENTRADA DE SUJETO AÑADIDO - NOMBRE PERSONAL
Nombre de la persona RAMOS, VILLIN/
Subdivisión general TRABAJOS PICTORICOS
650 14 - ENTRADA DE SUJETO AÑADIDO - TÉRMINO TÓPICO
Término tópico o elemento de entrada del nombre geográfico PINTURA PUERTORRIQUEÑA
650 14 - ENTRADA DE SUJETO AÑADIDO - TÉRMINO TÓPICO
Término tópico o elemento de entrada del nombre geográfico ARTISTAS PLASTICOS PUERTORRIQUEÑOS
650 14 - ENTRADA DE SUJETO AÑADIDO - TÉRMINO TÓPICO
Subdivisión general CATALOGOS
650 14 - ENTRADA DE SUJETO AÑADIDO - TÉRMINO TÓPICO
Subdivisión general EXPOSICIONES
650 14 - ENTRADA DE SUJETO AÑADIDO - TÉRMINO TÓPICO
Término tópico o elemento de entrada del nombre geográfico GEOMETRIA EN EL ARTE
Holdings
Estado de retirada Pérdida de estatus Estado dañado No para préstamo Código de recogida Ubicación permanente Ubicación actual Ubicación de las estanterías Fecha de adquisición Número de llamada completo Código de barras Fecha de la última vez que se vio Número de copia Precio efectivo desde Tipo de artículo Koha
        General ArtNexus ArtNexus General 06/09/2022 P-PR-00 R15V 14263 06/09/2022 Ej.1 06/09/2022 Libro

Powered by Koha